[Event "AUTO-INT-3862"]
[Site "http://www.queenalice.com/game.php?id=1829727"]
[Date "2024.1.19"]
[Round "1"]
[White "wj64"]
[Black "peonaislado"]
[Result "1-0"]
[WhiteElo "1667"]
[BlackElo "1615"]

1. c4 c5 2. e3 e6 3. Nc3 Nc6 4. Nf3 Nf6 5. h3 b6 6. a3 Be7 7. Nb5 a6 8. Nc3 b5
9. cxb5 axb5 10. Nxb5 d5 11. d4 Qa5+ 12. Bd2 Qxb5 13. Bxb5 1-0

[Event "AUTO-INT-3862"]
[Site "http://www.queenalice.com/game.php?id=1829742"]
[Date "2024.1.19"]
[Round "1"]
[White "game"]
[Black "wj64"]
[Result "0-1"]
[WhiteElo "1655"]
[BlackElo "1644"]

1. e4 e5 2. Nf3 Nc6 3. d4 exd4 4. Bc4 Qe7 5. Ng5 Nh6 6. O-O g6 7. b3 f6 8. Bf7+
Nxf7 9. Ba3 Nd6 10. e5 fxe5 11. Qd2 Bh6 12. f4 Rf8 13. Re1 Bxg5 14. fxg5 b5 15.
c3 Bb7 16. cxd4 O-O-O 17. Nc3 b4 18. Nd5 Qf7 19. dxe5 bxa3 20. exd6 cxd6 21. Rf1
Qg8 22. Nf6 Qh8 23. Nd5 Rf5 24. Rfe1 Rdf8 25. Rac1 Kb8 26. h4 Qd4+ 27. Qxd4 Nxd4
28. Re7 Rxd5 29. Rc4 Bc6 30. Rxh7 Nxb3 31. Rb4+ Rb5 32. Rxb3 Rxb3 33. Rg7 Rb2
34. Rxg6 Rxg2+ 35. Kh1 Rxa2+ 36. Kg1 Rg2+ 37. Kh1 a2 38. Rf6 a1=Q+ 0-1

[Event "AUTO-INT-3862"]
[Site "http://www.queenalice.com/game.php?id=1829743"]
[Date "2024.1.19"]
[Round "1"]
[White "wj64"]
[Black "game"]
[Result "1-0"]
[WhiteElo "1690"]
[BlackElo "1613"]

1. e4 e5 2. Nc3 Nc6 3. Nf3 Nb4 4. Nxe5 Qg5 5. d4 Qh4 6. Be3 d6 7. g3 Qf6 8. Nd5
Nxd5 9. Qf3 dxe5 10. Qxf6 gxf6 11. exd5 Bg4 12. Bc4 Bb4+ 13. c3 Bf3 14. Rg1 Ba5
15. g4 O-O-O 16. a3 Bxd5 17. Bxd5 Rxd5 18. b4 Bb6 19. a4 a5 20. b5 exd4 21. cxd4
Ne7 22. Rd1 Ng6 23. Rg3 h5 24. gxh5 Rdxh5 25. h3 Rxh3 26. Rxh3 Rxh3 27. Ke2 c6
28. Rc1 Nh4 29. bxc6 Kc7 30. cxb7+ Kxb7 31. Rg1 Nf3 32. Rg7 Ng5 33. f4 Rh2+ 34.
Kd3 Ne6 35. Rxf7+ Kc6 36. Rxf6 Kd6 37. f5 Bxd4 38. Rxe6+ Kd7 39. Bxd4 Rh3+ 40.
Ke4 Ra3 41. Rh6 Rxa4 42. f6 Ke8 43. Rh7 Ra2 44. Ke3 a4 45. Bc5 Rc2 46. Bb4 Rb2
47. f7+ Kd8 48. f8=R# 1-0

[Event "AUTO-INT-3862"]
[Site "http://www.queenalice.com/game.php?id=1829754"]
[Date "2024.1.19"]
[Round "1"]
[White "wj64"]
[Black "tche_elvio"]
[Result "0-1"]
[WhiteElo "1675"]
[BlackElo "1485"]

1. c4 Nf6 2. e3 g6 3. Nc3 c6 4. d4 d5 5. c5 Bg7 6. g4 Bxg4 7. Be2 Bf5 8. Nf3 O-O
9. Ne5 Nfd7 10. Nxd7 Nxd7 11. Bd3 Bxd3 12. Qxd3 e5 13. Ne2 Qh4 14. Bd2 exd4 15.
exd4 Rfe8 16. Be3 b6 17. cxb6 axb6 18. a3 c5 19. dxc5 d4 20. Nxd4 Nxc5 21. Qd2
Bxd4 22. O-O Qg4+ 23. Kh1 Qf3+ 24. Kg1 Qg4+ 25. Kh1 Qe4+ 26. f3 Qxe3 27. Qg2 Be5
28. Rae1 Qf4 29. b4 Nd3 30. Re4 Qxh2+ 31. Qxh2 Bxh2 32. Rxe8+ Rxe8 33. Kxh2 h5
34. Kg3 Nb2 35. Kf4 Nd3+ 36. Kg5 Kg7 37. f4 f6+ 38. Kh4 Re4 39. Kg3 f5 40. Rf3
Rd4 41. Rf1 Kf6 42. Rf3 b5 43. Rf1 h4+ 44. Kxh4 Rxf4+ 45. Rxf4 Nxf4 46. Kg3 g5
47. Kf3 Ke5 48. Ke3 g4 49. Kf2 Ke4 50. Kg3 Nd5 51. Kh4 Kf3 52. Kg5 Ne3 53. Kh4
g3 54. Kh3 g2 55. Kh2 Kf2 56. Kh3 g1=Q 0-1

[Event "AUTO-INT-3862"]
[Site "http://www.queenalice.com/game.php?id=1829755"]
[Date "2024.1.19"]
[Round "1"]
[White "tche_elvio"]
[Black "wj64"]
[Result "1-0"]
[WhiteElo "1414"]
[BlackElo "1703"]

1. e4 e5 2. Nf3 Nc6 3. d4 Bb4+ 4. c3 Bd6 5. Bd3 h6 6. O-O b6 7. Bd2 Qf6 8. Be3
Nge7 9. Nbd2 a6 10. d5 Nd8 11. Nxe5 Bxe5 12. f4 Bxc3 13. bxc3 Qxc3 14. Qe2 d6
15. Rac1 Qf6 16. Rxc7 O-O 17. e5 dxe5 18. Ne4 Qf5 19. Rxe7 Qh7 20. Nf6+ Kh8 21.
Bxh7 gxf6 22. fxe5 f5 23. Bxh6 Kxh7 24. Qh5 Rg8 25. Bf8# 1-0

[Event "AUTO-INT-3835"]
[Site "http://www.queenalice.com/game.php?id=1830954"]
[Date "2024.2.6"]
[Round "2"]
[White "Capixabba789"]
[Black "wj64"]
[Result "1-0"]
[WhiteElo "1883"]
[BlackElo "1731"]

1. e4 e5 2. Bc4 c6 3. Nf3 Qe7 4. O-O b5 5. Bb3 a5 6. c3 a4 7. Bc2 Ba6 8. Re1 Nf6
9. d4 d6 10. a3 h6 11. Be3 g5 12. dxe5 dxe5 13. Nbd2 Nbd7 14. Nf1 Rd8 15. b4 Nb6
16. Qc1 Nc4 17. Bc5 Qc7 18. Bxf8 Rxf8 19. Rd1 Nd7 20. Ne3 Ncb6 21. Nf5 Rh8 22.
Rd6 Nc4 23. Rxh6 Rxh6 24. Nxh6 f6 25. Nf5 Nf8 26. Nxg5 fxg5 27. Qxg5 Kd7 28.
Rd1+ Kc8 29. Rxd8+ Qxd8 30. Ne7+ Kb7 31. h3 Ne6 32. Qf6 Qd7 33. Nf5 Kb6 34. Ng3
Bc8 35. Nf5 Qd2 36. Bxa4 Qe1+ 37. Kh2 bxa4 38. Ne3 Qxc3 39. Nxc4+ Qxc4 40. Qxe5
Qa6 41. f4 Kb7 42. f5 Nd8 43. Qe7+ Kb8 44. Qxd8 Qb7 45. Qd4 Qc7+ 46. Kh1 Qg3 47.
Qb6+ Bb7 48. Qd8+ Ka7 49. Qa5+ Kb8 50. Qd8+ Ka7 51. f6 Qxa3 52. Qa5+ Kb8 53.
Qe5+ Ka7 54. Qc5+ Kb8 55. f7 Qa1+ 56. Kh2 a3 57. f8=Q+ Kc7 58. Qfd6+ Kc8 59.
Qf5# 1-0

[Event "AUTO-INT-3835"]
[Site "http://www.queenalice.com/game.php?id=1830955"]
[Date "2024.2.6"]
[Round "2"]
[White "wj64"]
[Black "Capixabba789"]
[Result "1-0"]
[WhiteElo "1725"]
[BlackElo "1871"]

1. c4 e5 2. e4 Bc5 3. Nc3 Nf6 4. h3 d6 5. d3 Be6 6. g4 Nc6 7. a3 a6 8. b4 Bd4 9.
Qc2 h6 10. Nf3 b5 11. cxb5 axb5 12. Nxd4 Nxd4 13. Qb2 Nf3+ 14. Kd1 Nd4 15. Bg2
Rb8 16. Be3 c5 17. f3 Bb3+ 18. Kd2 c4 19. Ke1 Nc2+ 20. Kf2 Nxa1 21. Rxa1 d5 22.
Nxd5 Nxd5 23. Qxe5+ Kf8 24. exd5 Rc8 25. Bc5+ Kg8 26. Bd4 Rh7 27. f4 Qe8 28. d6
Qxe5 29. Bxe5 cxd3 30. Rb1 Ba4 31. Be4 Bc2 32. Rf1 g6 33. Ke3 d2 34. Bf3 Rc3+
35. Bxc3 f5 36. Kxd2 Bb3 37. Bc6 1-0

[Event "AUTO-INT-3835"]
[Site "http://www.queenalice.com/game.php?id=1830958"]
[Date "2024.2.6"]
[Round "2"]
[White "wj64"]
[Black "ThiagoBrumN"]
[Result "0-1"]
[WhiteElo "1747"]
[BlackElo "1747"]

1. e4 e5 2. d3 Nf6 3. a3 Nc6 4. c3 Bc5 5. b4 Bb6 6. Qc2 O-O 7. Nf3 d5 8. Ng5 Ng4
9. b5 Bxf2+ 10. Kd1 Be3 11. Nh3 Ne7 12. Bd2 dxe4 13. Kc1 exd3 14. Bxd3 f5 15.
Re1 Bxd2+ 16. Nxd2 e4 17. Qb3+ Nd5 18. Bc4 Be6 19. g3 Ne5 20. Ng5 Qxg5 21. Kc2
Ne3+ 22. Kb2 Nd3+ 23. Ka2 Bxc4 24. Nxc4 Nxc4 25. Qxc4+ Kh8 26. Red1 Rac8 27. Kb3
c6 28. bxc6 Rxc6 29. Qd5 Rb6+ 30. Kc4 Rc8+ 31. Kd4 Rd8 32. Qxd8+ Qxd8+ 33. Ke3
Qg5+ 34. Kd4 Rd6+ 35. Kc4 Qf6 36. Kb3 Qe6+ 37. Kc2 Rb6 38. Kd2 Rb2+ 39. Ke3 Qb6#
0-1

[Event "AUTO-INT-3835"]
[Site "http://www.queenalice.com/game.php?id=1830959"]
[Date "2024.2.6"]
[Round "2"]
[White "ThiagoBrumN"]
[Black "wj64"]
[Result "0-1"]
[WhiteElo "1689"]
[BlackElo "1702"]

1. e4 e5 2. Nf3 d6 3. d4 Qe7 4. Bc4 h6 5. O-O Bg4 6. Be2 Bxf3 7. Bxf3 Nc6 8. d5
Nd4 9. c3 Nxf3+ 10. Qxf3 Nf6 11. Nd2 g5 12. Nb3 b6 13. Be3 Qd7 14. h3 Be7 15.
Rad1 Qa4 16. Ra1 Nxe4 17. Nd2 Nxd2 18. Bxd2 f6 19. b3 Qd7 20. Rae1 Kd8 21. c4 a5
22. Bc3 h5 23. Qe4 Rh6 24. Kh1 h4 25. Kh2 Kc8 26. Kh1 a4 27. Rb1 Kb7 28. Rfd1
axb3 29. axb3 Ra2 30. Bb2 f5 31. Qe3 Bf6 32. Qc1 b5 33. Ba3 Rh8 34. Kh2 Ra8 35.
Bb2 f4 36. f3 Kb6 37. Kh1 Rf8 38. Kh2 Kc5 39. b4+ Kb6 40. c5+ dxc5 41. Qxc5+ Kb7
42. Qxf8 Be7 43. Qh8 Bxb4 44. Ra1 Rxa1 45. Rxa1 Qc8 46. Qxe5 Qd8 47. Bd4 Kb8 48.
Ba7+ Kb7 49. Qe6 Bd6 50. Qe2 Qd7 51. Bd4 c5 52. Qa2 Kc8 53. Qa8+ Bb8 54. Ra7
Qxa7 55. Qc6+ Qc7 56. Qe8+ Kb7 57. Qe4 cxd4 58. d6+ Qc6 59. Qh7+ Kb6 60. d7 Bc7
61. Kg1 Qf6 62. Qd3 Qd6 63. Kf2 Qxd7 64. Qd2 Be5 65. Qd3 Qd6 66. Qd1 d3 67. Ke1
Bc3+ 68. Kf2 Qd4+ 69. Kf1 Kc5 70. Qb3 b4 71. Qe6 d2 72. Qe7+ Kc4 73. Qf7+ Kb5
74. Qb7+ Kc4 75. Qf7+ Qd5 76. Qc7+ Kb3 77. Kf2 Qd4+ 78. Ke2 d1=Q# 0-1

[Event "AUTO-OPEN-4513"]
[Site "http://www.queenalice.com/game.php?id=1832678"]
[Date "2024.3.4"]
[Round "1"]
[White "maurice916"]
[Black "wj64"]
[Result "1-0"]
[WhiteElo "1831"]
[BlackElo "1725"]

1. Nf3 d5 2. b3 Nf6 3. Bb2 Nfd7 4. e3 f6 5. c4 Nc5 6. d4 Ne4 7. cxd5 Qxd5 8. Nc3
Qa5 9. Qd3 f5 10. Nd2 Nd6 11. a3 Qa6 12. Nd5 Qc6 13. Nb4 Qd7 14. Be2 b6 15. d5
g6 16. Bxh8 Bb7 17. Be5 c5 18. Nc2 Na6 19. O-O Nc7 20. Bf3 Ba6 21. Nc4 e6 22.
dxe6 Qxe6 23. Bxa8 Bb7 24. Nxd6+ Bxd6 25. Bxd6 Nxa8 26. Rad1 Be4 27. Qb5+ Kf7
28. Bb8 Bxc2 29. Rd7+ Kf8 30. Bxa7 Be4 31. Rxh7 Bc6 32. Qa6 Kg8 33. Rh3 Kg7 34.
Bxb6 Kf6 35. Bxc5 Nc7 36. Bd4+ Ke7 37. Rh7+ Kd8 38. Rxc7 Kxc7 39. Qb6+ Kd7 40.
b4 Qc4 41. Qc5 Qe2 42. Rc1 Qb5 43. Qxc6+ Qxc6 44. Rxc6 Kxc6 45. a4 Kb7 46. g3
Ka6 47. Kg2 Kb7 48. Kf3 Kc7 49. Kf4 Kd6 50. e4 Ke6 51. exf5+ gxf5 52. h4 Kd5 53.
Bc5 Ke6 54. h5 Kf6 55. a5 Ke6 56. h6 Kf6 57. Bf8 Kf7 58. Bg7 Kg6 59. a6 Kh7 60.
a7 Kg6 61. a8=Q Kh7 62. b5 Kg6 63. Qd5 Kh7 64. Qxf5+ Kg8 65. Qf6 Kh7 66. b6 Kg8
67. b7 Kh7 68. g4 Kg8 69. b8=Q+ 1-0

[Event "AUTO-OPEN-4513"]
[Site "http://www.queenalice.com/game.php?id=1832679"]
[Date "2024.3.4"]
[Round "1"]
[White "wj64"]
[Black "maurice916"]
[Result "0-1"]
[WhiteElo "1739"]
[BlackElo "1795"]

1. b4 d5 2. d4 e5 3. Ba3 e4 4. e3 Nf6 5. Nd2 a5 6. c3 axb4 7. Bxb4 Bxb4 8. cxb4
b6 9. b5 c6 10. bxc6 Nxc6 11. a3 Bd7 12. Bb5 O-O 13. h3 Qe7 14. Ne2 Rxa3 15.
Rxa3 Qxa3 16. O-O Ra8 17. Nf4 Qa5 18. Qe2 Rd8 19. Nb3 Qa8 20. Ra1 Qb8 21. Kf1
Be8 22. Qc2 Ne7 23. Qe2 Bxb5 24. Qxb5 Qd6 25. g3 Qb8 26. Ra6 Nc8 27. Na5 Qd6 28.
Nb7 Qe7 29. Nxd8 Qxd8 30. Ra8 Qc7 31. Kg2 h6 32. Nxd5 Nxd5 33. Qxd5 Kh7 34.
Qxe4+ g6 35. Qe8 Qb7+ 36. f3 Qxa8 37. Qxf7+ Kh8 38. h4 Na7 39. Qxg6 b5 40. Qd6
Qb7 41. Qf6+ Kh7 42. h5 Qg7 43. Qf5+ Kg8 44. d5 b4 45. Kh3 b3 46. Qb1 b2 47. f4
Nb5 48. e4 Na3 49. Qd3 b1=Q 50. Qf3 Nc4 51. f5 Ne5 52. Qf2 Qh1+ 53. Qh2 Qg4# 0-1

[Event "AUTO-OPEN-4513"]
[Site "http://www.queenalice.com/game.php?id=1832706"]
[Date "2024.3.4"]
[Round "1"]
[White "SGF"]
[Black "wj64"]
[Result "1-0"]
[WhiteElo "1639"]
[BlackElo "1721"]

1. e4 e5 2. Qf3 d6 3. d3 h6 4. Be2 Nc6 5. c3 b6 6. a4 a5 7. Qg3 Qf6 8. h4 g6 9.
h5 g5 10. Be3 g4 11. Bxg4 Bxg4 12. Qxg4 Nge7 13. Nf3 Bg7 14. Na3 Nd8 15. Nb5 Rb8
16. Nxc7+ Kf8 17. Nd5 Nxd5 18. c4 Nb4 19. O-O Nxd3 20. b3 Ne6 21. Rad1 Nec5 22.
Bxc5 Nxc5 23. Rb1 Ke7 24. Qh4 Qxh4 25. Nxh4 Bf6 26. Nf5+ Ke6 27. Rfd1 Nxe4 28.
f3 Nc3 29. Rxd6+ Kxf5 30. g4+ Kf4 31. Rxf6+ Kg3 32. Rb2 Nd1 33. Rg2+ Kh4 34.
Rh2+ Kg5 35. Rf5# 1-0

[Event "AUTO-OPEN-4513"]
[Site "http://www.queenalice.com/game.php?id=1832707"]
[Date "2024.3.4"]
[Round "1"]
[White "wj64"]
[Black "SGF"]
[Result "1-0"]
[WhiteElo "1715"]
[BlackElo "1655"]

1. b4 e5 2. Ba3 Qf6 3. e4 a5 4. c3 axb4 5. cxb4 Rxa3 6. Nxa3 Bxb4 7. Nc4 Bc5 8.
Nf3 b5 9. Ncxe5 Bd6 10. d4 Bxe5 11. dxe5 Qc6 12. Bd3 Qc3+ 13. Ke2 Qb2+ 14. Bc2
b4 15. Ke3 Qc3+ 16. Kf4 h6 17. Rb1 g5+ 18. Kg3 Nc6 19. Rb3 Qc5 20. Qa1 Nxe5 21.
Rc1 d6 22. Bd3 Qb6 23. Nxe5 Rh7 24. Rc6 Qb7 25. Ba6 Qxa6 26. Rxa6 Bxa6 27. Nc6
Bb7 28. Na5 Bxe4 29. Qe1 f5 30. Qxb4 f4+ 31. Kh3 Bf5+ 32. g4 Be6 33. Qe1 Re7 34.
Rb8+ Kf7 35. Nc6 Bxg4+ 36. Kxg4 Rxe1 37. Kf5 Re2 38. Nd8+ Ke7 39. Nc6+ Kf7 40.
f3 Ne7+ 41. Nxe7 Rxe7 42. Rb7 c5 43. Rxe7+ Kxe7 44. Ke4 Ke6 45. h3 d5+ 46. Kd3
Ke5 47. Ke2 c4 48. a4 c3 49. a5 d4 50. a6 c2 51. Kd2 d3 52. Kc1 Kd4 53. Kd2
c1=Q+ 54. Kxc1 Ke3 55. Kd1 Kxf3 56. a7 Kg3 57. a8=Q f3 58. Qb8+ Kxh3 59. Qc8+
Kg3 60. Qc4 f2 61. Qxd3+ Kg2 62. Qe2 h5 63. Kd2 g4 64. Ke3 g3 65. Qf3+ Kh2 66.
Qxh5+ Kg2 67. Qf3+ Kh2 68. Ke2 g2 69. Qxf2 Kh1 70. Qh4+ Kg1 71. Kf3 Kf1 72. Qf2#
1-0

[Event "AUTO-OPEN-4513"]
[Site "http://www.queenalice.com/game.php?id=1832724"]
[Date "2024.3.4"]
[Round "1"]
[White "TammieM3ENF"]
[Black "wj64"]
[Result "0-1"]
[WhiteElo "1111"]
[BlackElo "1737"]

1. d4 d5 2. Nc3 Nf6 3. b4 e6 4. a4 Bxb4 5. a5 Ne4 6. f3 Bxc3+ 7. Bd2 Nxd2 8. Ra3
Nb1+ 9. Kf2 Nxa3 10. g4 Nc6 11. e3 Nxa5 12. f4 Qh4+ 13. Kf3 f5 14. Qd3 Qxg4+ 15.
Kf2 Qh4+ 16. Ke2 Bb4 17. c3 Bd6 18. c4 dxc4 19. Qc3 b6 20. Nf3 Qh5 21. Kd2 Qxf3
22. Rg1 Qf2+ 23. Be2 Nb1+ 24. Rxb1 Bb7 25. Rf1 Nb3+ 26. Kc2 Qxe2+ 27. Kb1 Be4+
28. Qc2 Qxc2# 0-1

[Event "AUTO-OPEN-4513"]
[Site "http://www.queenalice.com/game.php?id=1832725"]
[Date "2024.3.4"]
[Round "1"]
[White "wj64"]
[Black "TammieM3ENF"]
[Result "1-0"]
[WhiteElo "1713"]
[BlackElo "1150"]

1. b4 e5 2. Ba3 d5 3. d4 exd4 4. Qxd4 b6 5. Nc3 c5 6. bxc5 bxc5 7. Bxc5 a5 8.
Bb6 Qe7 9. Nxd5 Qd7 10. Nf6+ Ke7 11. Qe5+ Qe6 12. Bc5+ Kd8 13. Rd1+ Nd7 14. Bb6+
Ke7 15. Nd5+ Ke8 16. Nc7+ Ke7 17. Nxe6 Ra6 18. Qd6+ Kf6 19. Bd8+ Be7 20. Qxa6
Bxa6 21. Bxe7+ Kxe7 22. Nc7 Bc4 23. a4 Nc5 24. Rd2 Nxa4 25. g4 f6 26. Bh3 g6 27.
Nf3 f5 28. O-O Nb2 29. Rb1 Na4 30. Rd4 Bb5 31. Rxb5 h5 32. Re5+ Kf7 33. Rxa4
hxg4 34. Bxg4 fxg4 35. Rxg4 a4 36. c4 a3 37. Ra5 Nf6 38. Rxa3 Nxg4 39. h4 Ke7
40. Ra7 Kf6 41. e4 g5 42. Ra6+ Kg7 43. Ne6+ Kf7 44. Nexg5+ Kg7 45. e5 Nxe5 46.
Nxe5 Rxh4 47. Ne6+ Kh6 48. f4 Kh5 49. Ng7# 1-0

[Event "AUTO-OPEN-4518"]
[Site "http://www.queenalice.com/game.php?id=1834155"]
[Date "2024.3.26"]
[Round "1"]
[White "Rafale2000"]
[Black "wj64"]
[Result "1-0"]
[WhiteElo "1981"]
[BlackElo "1718"]

1. e4 e5 2. Nf3 Qe7 3. Bc4 Nf6 4. Ng5 Kd8 5. Nxf7+ Ke8 6. Nxh8 d6 7. d3 Be6 8.
Bg5 Bxc4 9. Bxf6 Qxf6 10. dxc4 g5 11. Qh5+ Kd7 12. Qxh7+ Be7 13. Qf5+ Qxf5 14.
exf5 Bf6 15. Nf7 Nc6 16. c3 Ke7 17. Nh6 Rh8 18. Ng4 Rf8 19. Nxf6 Rxf6 20. g4 e4
21. Nd2 Rh6 22. Nxe4 Ne5 23. Nxg5 Nd3+ 24. Kd2 Nxf2 25. h3 c5 26. Rae1+ Kf6 27.
Re6+ Kg7 28. Rhe1 Rxe6 29. fxe6 Kf8 30. Rf1 Ke7 31. Rxf2 Ke8 32. h4 1-0

[Event "AUTO-OPEN-4518"]
[Site "http://www.queenalice.com/game.php?id=1834156"]
[Date "2024.3.26"]
[Round "1"]
[White "wj64"]
[Black "Rafale2000"]
[Result "0-1"]
[WhiteElo "1724"]
[BlackElo "1975"]

1. e4 Nf6 2. Nc3 d5 3. Qe2 dxe4 4. Nxe4 Qd4 5. Nxf6+ Qxf6 6. Nf3 Nc6 7. c3 Bg4
8. h3 Bxf3 9. Qe3 Bh5 10. g4 Bg6 11. g5 Qe5 12. Qxe5 Nxe5 13. Be2 Nd3+ 14. Bxd3
Bxd3 15. h4 e6 16. b3 O-O-O 17. Rh3 f6 18. f4 fxg5 19. fxg5 h6 20. gxh6 Rxh6 21.
a4 Rh5 22. c4 Rd4 23. Kf2 Rhxh4 24. Rxh4 Rxh4 25. Ke3 Rh3+ 26. Kd4 c5+ 27. Kc3
g5 28. Ra3 Bg7# 0-1

[Event "AUTO-OPEN-4518"]
[Site "http://www.queenalice.com/game.php?id=1834179"]
[Date "2024.3.26"]
[Round "1"]
[White "serrameira"]
[Black "wj64"]
[Result "1-0"]
[WhiteElo "1779"]
[BlackElo "1713"]

1. e4 e5 2. Nf3 Nc6 3. Bc4 Nh6 4. d4 f6 5. Bxh6 gxh6 6. dxe5 Qe7 7. O-O fxe5 8.
Nc3 d6 9. Nd5 Be6 10. Nxc7+ Qxc7 11. Bxe6 Qe7 12. Bd5 Bg7 13. Bxc6+ bxc6 14. Rb1
c5 15. h3 Qb7 16. Qxd6 Qe7 17. Qc6+ Kf7 18. Rfd1 Rhd8 19. Ne1 Rac8 20. Qb5 Rb8
21. Qc4+ Kf8 22. Nd3 Rbc8 23. f4 exf4 24. Nxf4 Bd4+ 25. Kh1 Rc6 26. Rf1 Rf6 27.
Nd5 Rxd5 28. Rxf6+ Qxf6 29. Rf1 Rg5 30. Rxf6+ Bxf6 31. h4 Re5 32. Qa6 Bg7 33.
Qxa7 Rxe4 34. Qxc5+ Re7 35. b4 Be5 36. g4 Kg7 37. Qxe7+ 1-0

[Event "AUTO-OPEN-4518"]
[Site "http://www.queenalice.com/game.php?id=1834180"]
[Date "2024.3.26"]
[Round "1"]
[White "wj64"]
[Black "serrameira"]
[Result "0-1"]
[WhiteElo "1700"]
[BlackElo "1784"]

1. c4 g6 2. e3 Bg7 3. Qb3 Nc6 4. d4 e6 5. Nf3 Nf6 6. Nc3 O-O 7. c5 d5 8. Bb5 Na5
9. Qc2 c6 10. Bd3 b5 11. b4 Nb7 12. Ne5 Nd7 13. Nxd7 Bxd7 14. f4 Qc7 15. O-O Nd8
16. Rf3 f5 17. Bd2 Nb7 18. Raf1 a5 19. Nb1 a4 20. a3 Rf6 21. Be1 Re8 22. Qf2 Nd8
23. Nc3 Ref8 24. Ne2 Nf7 25. Ng3 Nh6 26. h3 Nf7 27. Nh1 Nd8 28. g4 fxg4 29. hxg4
g5 30. Qh2 h6 31. Bg3 Qc8 32. Nf2 Nf7 33. f5 exf5 34. Bxf5 Bxf5 35. gxf5 Rxf5
36. Rxf5 Qxf5 37. Nh3 Qe4 38. Qf2 Nd8 39. Qg2 Rxf1+ 40. Qxf1 Qxe3+ 41. Bf2 Qc3
42. Kg2 Bxd4 43. Qe2 Be5 44. Qh5 Nf7 45. Qg6+ Kf8 46. Qxc6 Bd4 47. Qxd5 Bxf2 48.
Nxf2 Ne5 49. Qd8+ Kg7 50. Ne4 Qf3+ 51. Kg1 Qxe4 52. Qe7+ Kg6 53. Qe8+ Kf5 54.
Qc8+ Kf4 55. Qf8+ Kg4 56. Qf2 Nf3+ 57. Kf1 Kf4 58. Kg2 g4 59. Qg3+ Kg5 60. Kf1
Qd3+ 61. Kg2 Nh4+ 62. Kh2 Qe2+ 63. Kh1 Nf3 64. Qg2 Qe1+ 65. Qg1 Qxg1# 0-1

[Event "AUTO-OPEN-4518"]
[Site "http://www.queenalice.com/game.php?id=1834195"]
[Date "2024.3.26"]
[Round "1"]
[White "wj64"]
[Black "peonaislado"]
[Result "0-1"]
[WhiteElo "1669"]
[BlackElo "1662"]

1. e4 c5 2. Bc4 e6 3. e5 d5 4. Bb5+ Bd7 5. Bxd7+ Nxd7 6. Qe2 f6 7. f4 fxe5 8.
fxe5 Qc7 9. Nf3 O-O-O 10. Nc3 g6 11. d3 Bg7 12. Nb5 Qb8 13. Bg5 Rf8 14. O-O Nxe5
15. d4 Nxf3+ 16. gxf3 Bxd4+ 17. Kh1 e5 18. c3 h6 19. Bd2 a6 20. Na3 Ne7 21. cxd4
cxd4 22. Rac1+ Nc6 23. Qg2 g5 24. Bb4 Re8 25. Qg4+ Kc7 26. Ba5+ b6 27. Bd2 Qc8
28. Qh5 Qd7 29. Rc2 d3 30. Rc3 e4 31. fxe4 dxe4 32. Nc4 Kb7 33. Rf6 Re6 34. Bxg5
hxg5 35. Qxg5 Rxf6 36. Qxf6 d2 37. Ne3 d1=Q+ 38. Nxd1 Qxd1+ 39. Kg2 Qe2+ 40. Qf2
Rxh2+ 41. Kxh2 Qxf2+ 42. Kh3 e3 43. Rc4 Qf1+ 44. Kg4 Qxc4+ 0-1

[Event "AUTO-OPEN-4518"]
[Site "http://www.queenalice.com/game.php?id=1834196"]
[Date "2024.3.26"]
[Round "1"]
[White "peonaislado"]
[Black "wj64"]
[Result "1-0"]
[WhiteElo "1644"]
[BlackElo "1687"]

1. d4 d5 2. c4 Nf6 3. Bg5 e6 4. Nf3 Bb4+ 5. Nc3 Bxc3+ 6. bxc3 dxc4 7. Bxf6 Qxf6
8. Qa4+ Nc6 9. Qxc4 O-O 10. e3 Bd7 11. Qb3 b6 12. Bc4 a6 13. O-O b5 14. Bd3 Na5
15. Qc2 g6 16. Ne5 Bc8 17. Rab1 c6 18. c4 bxc4 19. Nxc4 Qg5 20. Qd2 Nb7 21. f4
Qf6 22. Ne5 Nd8 23. e4 Qe7 24. Rbc1 Bb7 25. f5 f6 26. Nxg6 hxg6 27. fxg6 Qg7 28.
e5 f5 29. Qg5 Bc8 30. Rb1 Nf7 31. gxf7+ Rxf7 32. Qc1 Bb7 33. Rf3 Qg4 34. Rg3
Qxg3 35. hxg3 a5 36. Bc4 Re8 37. Kf2 Rg7 38. Qh6 Kf7 39. Rxb7+ 1-0